000 00442nam a2200109Ia 4500
008 220615s9999||||xx |||||||||||||| ||und||
245 0 _aRoutledge Handbook of Bounded Rationality
546 _aEnglish[eng]
650 _adigitalization; heterodox economics; heuristics framework; ecological perspectives on human behaviour; heuristics; economic uncertainty; environmental change; digital environments
700 _aVIALE, RICCARDO
942 _cEB
999 _c17174
_d17174